| 000 | 00571cam a22002291 4500 | ||
|---|---|---|---|
| 001 | sa 64007298 | ||
| 003 | DLC | ||
| 005 | 20260227112045.0 | ||
| 008 | 950221s1964 ii 000 1 tamo | ||
| 010 | _asa 64007298 | ||
| 025 | _aPL480:I-T-957 | ||
| 035 | _a(OCoLC)32029501 | ||
| 040 |
_aDLC _cCU _dCU _dDLC |
||
| 042 | _apremarc | ||
| 050 | 0 | 0 |
_aPL4751 _b.A6 |
| 100 | 1 |
_aAppātturai, Kā. _q(Kācināta Piḷḷai), _d1907-1989. |
|
| 245 | 1 | 0 | _aMol̲i vaḷam. |
| 260 | _c[1964] | ||
| 300 |
_a164 p. _c19 cm. |
||
| 500 | _aIn Tamil. | ||
| 650 | 0 | _aTamil philology. | |
| 999 |
_c60150 _d60150 |
||